01598nam a2200301 a 4500001001000000005001700010008004100027041000800068044000800076084002100084100004500105245011800150260002900268300004000297500021200337500011400549500026100663500003300924500001000957546002400967650005200991650005601043650003401099650004501133700003901178700002901217740005001246BRCA_324820190320204202.0110309s1819----enka---###---#000-0#eng-# aeng aenk a549b.M354c18191 aCervantes Saavedra, Miguel ded1547-161610aDon Quixote de la ManchacTranslated from the Original Spanish of Miguel de Cervantes Saavedra by Charles Jarvis. aLondresbT. McLeanc1819 a4 v.bil. (algunas a color)c23 cm. aContenido : v.1. Primera parte. Prefacio del traductor. Vida de Cervantes. Extractada de la escrita por Mayáns. Prólogo del autor. -- v.2. Texto. -- v.3. Segunda parte. Prólogo del autor. -- v.4. Texto aEdición : Embellished with 24 highly Finished Engravings, from Drawings Designed Expressly for this Edition aReproducción de la traducción de Jarvis, bien impresa sobre excelente papel. Va ilustrada con láminas en color, hecha sobre los dibujos de J. H. Clark, con tendencia a la caricatura. Piel; planos orlados y lomos decorados con dorados Lúdovik Osterc aCon ex-libris de : The Brook aQM441 aTexto en : inglés14aNovela españolayÉpoca clásica, 1500-170014aLiteratura españolayÉpoca clásica, 1500-170014aNovela españolaySiglo XVII14aDon Quijote (Personaje ficticio)eNovela1 aJarvis, Charlesd?-1759eTraductor1 aClark, J. H.eIlustrador0 aEl Ingenioso Hidalgo Don Quijote de la Mancha